Grupos de poder económico y estilos de desarrollo ¿cómo entenderlos?: hacia una primera aproximación a su laberinto desde el caso del sector financiero costarricense (1985-2007) /
Сохранить в:
| Главный автор: | |
|---|---|
| Формат: | Текст |
| Метки: |
Добавить метку
Нет меток, Требуется 1-ая метка записи!
|
MARC
| LEADER | 00000 a a2200000 04500 | ||
|---|---|---|---|
| 001 | 8909 | ||
| 003 | |||
| 040 | |||
| 100 | |a León A., Andrés | ||
| 245 | |a Grupos de poder económico y estilos de desarrollo ¿cómo entenderlos?: |b hacia una primera aproximación a su laberinto desde el caso del sector financiero costarricense (1985-2007) / |c Andrés León A. | ||
| 773 | |g volumen 5, número 2; página 30 | ||
| 999 | |c 37964 |d 37964 | ||
